Umbrella and Sparrow Academy Members - Statistics

General Stats
  • This quiz has been taken 122 times
  • The average score is 12 of 14
Answer Stats
# Answer % Correct
6 Ben
100%
1 Luther
100%
3 Allison
99%
2 Diego
99%
5 Five
99%
4 Klaus
99%
7 Vanya/Viktor
99%
2 Ben
95%
1 Marcus
86%
5 Sloane
79%
7 Christopher
78%
4 Alphonso
69%
3 Fei
69%
6 Jayme
57%
No matching quizzes found
Score Distribution
Percent of People with Each Score
Percentile by Number Answered
Your Score History
You have not taken this quiz